000 00702cam a2200241 4500500
005 20260405002321.0
041 _afre
042 _adc
100 1 0 _aGalou, Adam
_eauthor
245 0 0 _aYadh ben Achour. Tunisie, l’âge de raison de la révolution ?
260 _c2016.
500 _a82
690 _aDémocratie
690 _aDroit
690 _aIslam
690 _aLaïcité
690 _aMaghreb
690 _aphilosophie
690 _aTunisie
690 _aYadh Ben Achour
786 0 _nPhilosophie magazine | 105 | 12-1 | 2016-12-01 | p. 21-23 | 1951-1787
856 4 1 _uhttps://shs.cairn.info/magazine-philosophie-magazine-2016-12-1-page-21?lang=fr&redirect-ssocas=7080
999 _c2056555
_d2056555